000 00518nam a2200181Ia 4500
005 20250326123733.0
008 250326s9999 xx 000 0 und d
037 _aTextbook
040 _aFMSL
_beng
_cFMSL
041 _aeng
_2eng
084 _aX:87 N0
_qFMSL
100 _aAnsari M A
245 0 _aManaging people at work: leadership styles and influence strategies
_cAnsari M A
260 _aNew Delhi
_bNew Delhi, Sage
_c1990
300 _a218p
942 _cTB
_hX:87 N0
999 _c1270729
_d1270729